000 00259nam a22001097a 4500
082 _a620.1123 HEN'E
100 _aHENDRY, A. W
_943231
245 _aELEMENTS OF EXPERIMENTAL STRESS ANALYSIS
260 _aOXFORD
_bPERGMAN
_c1964
300 _a193P
942 _cBK
999 _c584382
_d584382